| 000 | 00979namaa22003131i 4500 | ||
|---|---|---|---|
| 003 | EG-GICUC | ||
| 005 | 20260428152929.0 | ||
| 008 | 260428s2009 nyua|||jr|||| 001 0 eng d | ||
| 020 | _a9781430223818 | ||
| 040 |
_aEG-GiCUC _beng _cEG-GiCUC _dEG-GiCUC _erda |
||
| 082 | 0 | 4 |
_221 _a005.2768 _bM1457 |
| 092 | 0 | 4 |
_221 _a005.2768 _bM1457 |
| 099 | _a005.2768 M1457 | ||
| 100 | 1 |
_aMacDonald, Matthew. _eمؤلف. |
|
| 245 | _aPro Silverlight 3 in C♯ / | ||
| 264 |
_aNew York : _bApress, _c2009. |
||
| 300 |
_a792 Pages؛ _bIllustrations. _c24 سم |
||
| 336 |
_2rdacontent _atext |
||
| 337 |
_2rdamedia _aUnmediated |
||
| 338 |
_2rdacarrier _avolume |
||
| 504 | _aBibliography: pages 727-792. | ||
| 541 |
_aوزارة الثقافة ؛ _bالقاهرة ؛ _cإهداء ؛ _d2023. |
||
| 650 | 1 | 0 |
_a C# _vComputer program language |
| 651 | 1 | _2qrmak | |
| 700 | 1 |
_aEwan Buckingham _eAnnotator. |
|
| 700 | 1 |
_aDamien Foggon _eReviewer. |
|
| 905 | _aSamah | ||
| 942 |
_2ddc _cBK _e21 _n0 |
||
| 999 |
_c179784 _d179784 |
||